The Congo Free State: what could archives tell us?
| Titel: | The Congo Free State: what could archives tell us? : new light and research perspective / Patricia van Schuylenbergh ; Mathilde Leduc-Grimaldi (eds.) |
|---|---|
| Beteiligt: | ; |
| Veröffentlicht: | Bruxelles; Berlin; Bern : Peter Lang, [2022] |
| Umfang: | 407 Seiten : Illustrationen ; 21 cm, 532 g |
| Format: | Buch |
| Sprache: | Englisch |
| Schriftenreihe/ mehrbändiges Werk: |
Outre-mers ; vol. 9 |
| Andere Ausgaben: |
Erscheint auch als Online-Ausgabe
Erscheint auch als Online-Ausgabe |
| ISBN: | 9782807607361 ; 2807607365 |
| Hinweise zum Inhalt: |
Inhaltstext
Hinweise zum Inhalt Inhaltsverzeichnis |
alg: 49506971 001A $06057:30-05-22 001B $03036:09-01-23 $t15:35:00.000 001D $06000:10-11-22 001U $0utf8 001X $00 002@ $0Aax 002C $aText $btxt $2rdacontent 002D $aohne Hilfsmittel zu benutzen $bn $2rdamedia 002E $aBand $bnc $2rdacarrier 003@ $049506971X 004A $A978-2-8076-0736-1 $fBroschur : EUR 58.95 (DE), EUR 60.50 (AT), CHF 68.00 (freier Preis) 004A $02-8076-0736-5 004K $09782807607361 006G $01253557675 006H $0TOCNEUA2230 $2DNB 006T $022,N12 006U $022,A45 $f20220316 007A $01253557675 $aDNB 009P $qtext/html $A2 $3Inhaltstext $uhttp://deposit.dnb.de/cgi-bin/dokserv?id=88549168f32d4ec6922b2eed979a8c49&prov=M&dok_var=1&dok_ext=htm $mX:MVB 009P $A2 $uhttps://www.peterlang.com/view/product/88008?format=PBK $mX:MVB 009P $qapplication/pdf $A2 $3Inhaltsverzeichnis $uhttps://d-nb.info/1253557675/04 $mB:DE-101 010@ $aeng 010E $erda 011@ $a2022 $n[2022] 013D $#Beiträge Formschlagwort $#Einzelbeiträge $#Sammelwerk Formschlagwort $74143413-4 $8Aufsatzsammlung [Ts1] $9085562742 021A $aThe @Congo Free State: what could archives tell us? $dnew light and research perspective $hPatricia van Schuylenbergh ; Mathilde Leduc-Grimaldi (eds.) 028C $BHerausgeber $#Van Schuylenbergh, Patricia $#VanSchuylenbergh, Patricia $4edt $71049725824 $8Schuylenbergh, Patricia$cvan [Tp3] $9338826092 028C $BHerausgeber $4edt $8Leduc-Grimaldi, Mathilde [Tp3] $9463653793 033A $pBruxelles $pBerlin $pBern $01065658303 $nPeter Lang 034D $a407 Seiten 034I $a21 cm, 532 g 034M $aIllustrationen 036E $aOutre-mers $lvol. 9 039D $aErscheint auch als $z978-2-8076-0738-5 $nOnline-Ausgabe 039D $aErscheint auch als $z978-2-8076-0737-8 $nOnline-Ausgabe 044K $qDNB $RImperialismus $RKolonie $RAntikolonialismus $RKolonialmacht $REntkolonialisierung $#Imperialism $#Colonisation $#Colonialisme (idée politique) $#Colonialismo $#colonialism $#Kolonialismus $#Kolonialismus $#Kolonialpolitik $#Kolonialbestrebungen $#Kolonialpolitik $#Kolonialisierung $74073624-6 $8Kolonialismus [Ts1] $9085207241 044K $qDNB $RArchivkunde $RArchivalien $RArchivar $RKulturelle Einrichtung $#Archives $#Archives $#Archivos $#Archiv $#Archiv $#Archivwesen $#Archive $74002859-8 $8Archiv [Ts1] $9084999330 044K $qDNB $RNiederlande $#Belgien $#Belgien $#Besetzte Gebiete Belgiens $#Okkupierte Gebiete Belgiens $#Bezette Streken van België $#Territoire Belge Occupé $#Belgique $#België $#Royaume de Belgique $#Koninkrijk België $#Belgium $#Kingdom of Belgium $#Reino de Belgica $#Belgica $74005406-8 $8Belgien [Tg1] $9085006297 044K $qDNB $RBelgisch-Kongo $#État Indépendant du Congo $#Congo Free State $#Kongo-Freistaat $#Kongo-Vrijstaat $#Freistaat Kongo $7270003-7 $8Congo$gÉtat Indépendant [Tg1] $9041199723 045E $c960 $c940 $c020 045F $a967.51022 $eDDC23ger 045F/01 $a967.51022 045R $aGeschichte lok: 49506971 105 exp: 49506971 105 1 #EPN 201B/01 $009-01-23 $t15:39:01.000 201C/01 $009-01-23 201U/01 $0utf8 203@/01 $01223948536 208@/01 $a09-01-23 $be 209A/01 $a/ $f106 $x00 244Z/01 $aKongo $x01 245Z/01 $a5.01.02. $bArchivwesen außerhalb Europas / Archivwesen weltweit / Einzelne Länder $x01 247C/01 $8->Marburg, Bibliographie zum Archivwesen der Archivschule Marburg $939588196X
| LEADER | 00000cam a22000002c 4500 | ||
|---|---|---|---|
| 001 | 49506971X | ||
| 003 | DE-603 | ||
| 005 | 20230109153500.0 | ||
| 007 | tu | ||
| 008 | 220530s2022 xx |||| | u00||u|eng | ||
| 015 | |a 22,A45 |z 22,N12 |2 dnb | ||
| 016 | 7 | |2 DE-101 |a 1253557675 | |
| 020 | |a 9782807607361 |c Broschur : EUR 58.95 (DE), EUR 60.50 (AT), CHF 68.00 (freier Preis) | ||
| 020 | |a 2807607365 | ||
| 024 | 3 | |a 9782807607361 | |
| 035 | |a (DE-599)DNB1253557675 | ||
| 040 | |a DE-603 |b ger |c DE-603 |d DE-603 |e rda | ||
| 041 | |a eng | ||
| 082 | 0 | 4 | |8 1\u |a 967.51022 |q DE-101 |2 23/ger |
| 084 | |a 960 |a 940 |a 020 |q DE-101 |2 sdnb | ||
| 085 | |8 1\u |b 967.51022 | ||
| 245 | 0 | 0 | |a The Congo Free State: what could archives tell us? |b new light and research perspective |c Patricia van Schuylenbergh ; Mathilde Leduc-Grimaldi (eds.) |
| 264 | 1 | |a Bruxelles |a Berlin |a Bern |b Peter Lang |c [2022] | |
| 300 | |a 407 Seiten |b Illustrationen |c 21 cm, 532 g | ||
| 336 | |a Text |b txt |2 rdacontent | ||
| 337 | |a ohne Hilfsmittel zu benutzen |b n |2 rdamedia | ||
| 338 | |a Band |b nc |2 rdacarrier | ||
| 490 | 0 | |a Outre-mers |v vol. 9 | |
| 648 | 7 | |a Geschichte |2 gnd | |
| 650 | 7 | |a Kolonialismus |0 (DE-588)4073624-6 |0 (DE-603)085207241 |2 gnd | |
| 650 | 7 | |a Archiv |0 (DE-588)4002859-8 |0 (DE-603)084999330 |2 gnd | |
| 651 | 7 | |a Belgien |0 (DE-588)4005406-8 |0 (DE-603)085006297 |2 gnd | |
| 651 | 7 | |a Congo |g État Indépendant |0 (DE-588)270003-7 |0 (DE-603)041199723 |2 gnd | |
| 655 | 7 | |a Aufsatzsammlung |2 gnd-content |0 (DE-588)4143413-4 |0 (DE-603)085562742 | |
| 700 | 1 | |a Schuylenbergh, Patricia van |e Herausgeber |4 edt |0 (DE-603)338826092 |0 (DE-588)1049725824 |2 gnd | |
| 700 | 1 | |a Leduc-Grimaldi, Mathilde |e Herausgeber |4 edt |0 (DE-603)463653793 |0 (DE-588)1209306492 |2 gnd | |
| 776 | 0 | 8 | |i Erscheint auch als |n Online-Ausgabe |z 9782807607385 |
| 776 | 0 | 8 | |i Erscheint auch als |n Online-Ausgabe |z 9782807607378 |
| 856 | 4 | 2 | |m X:MVB |q text/html |u http://deposit.dnb.de/cgi-bin/dokserv?id=88549168f32d4ec6922b2eed979a8c49&prov=M&dok_var=1&dok_ext=htm |3 Inhaltstext |
| 856 | 4 | 2 | |m X:MVB |u https://www.peterlang.com/view/product/88008?format=PBK |
| 856 | 4 | 2 | |m B:DE-101 |q application/pdf |u https://d-nb.info/1253557675/04 |3 Inhaltsverzeichnis |
| 924 | 0 | |9 - |a (DE-603)1223948536 |b DE- |c HES |d d |g / | |